|
|
|
|
| LEADER |
00875nam a2200313 4500 |
| 001 |
DLU100109757 |
| 005 |
##20100714 |
| 040 |
# |
# |
|a DLU
|b vie
|
| 041 |
# |
# |
|a vie
|
| 044 |
# |
# |
|a vn
|
| 082 |
# |
# |
|a 911.597 31
|b Hoi
|
| 245 |
# |
# |
|a Hỏi đáp về 82 bia tiến sĩ Văn Miếu - Quốc Tử Giám - Hà Nội /
|c Lê Thái Dũng biên soạn.
|
| 260 |
# |
# |
|a H. :
|b Quân đội Nhân dân,
|c 2010.
|
| 300 |
# |
# |
|a 249 tr. ;
|c 21 cm.
|
| 490 |
# |
# |
|a Thăng Long - Hà Nội ngàn năm văn hiến.
|
| 504 |
# |
# |
|a Tài liệu tham khảo: tr. 243.
|
| 650 |
# |
# |
|a Văn bia
|z Việt Nam
|z Hà Nội.
|
| 700 |
# |
# |
|a Lê Thái Dũng,
|e biên soạn.
|
| 923 |
# |
# |
|a 05/2010
|
| 991 |
# |
# |
|a SH
|
| 992 |
# |
# |
|a 40000
|
| 994 |
# |
# |
|a DLU
|
| 900 |
# |
# |
|a True
|
| 911 |
# |
# |
|a Đào Thị Thu Huyền
|
| 925 |
# |
# |
|a G
|
| 926 |
# |
# |
|a A
|
| 927 |
# |
# |
|a SH
|
| 980 |
# |
# |
|a Thư viện Trường Đại học Đà Lạt
|